Editorial. A la represión contestemos con la movilización de las masas
Gorde:
| Erakunde egilea: | |
|---|---|
| Formatua: | Texto |
| Argitaratua: |
San Salvador:
El Partido
|
| Etiketak: |
Etiketa erantsi
Etiketarik gabe, Izan zaitez lehena erregistro honi etiketa jartzen!
|
MARC
| LEADER | 00000 a a2200000 04500 | ||
|---|---|---|---|
| 001 | 16586 | ||
| 003 | |||
| 040 | |||
| 090 | |a EXTRAVIADO | ||
| 110 | |a Partido Comunista de El Salvador | ||
| 245 | |a Editorial. A la represión contestemos con la movilización de las masas | ||
| 260 | |a San Salvador: |b El Partido | ||
| 300 | |a 5 p | ||
| 999 | |c 16185 |d 16185 | ||
